00626nam a2200217 a 4500001001300000003000900013005001700022008004100039020000800080082001400088100001800102245004700120260004700167300000800214500003500222505001000257902000800267942000700275952011100282999001500393nice12345678IN_TiNIC20260116012357.0050524s1956 mada grp 000 0 eng  ac000a291bAPP1 aAppasamy, A J aChristian Theological Approach to Hinduism aMadrasbChristian Literature Societyc1956 a74p aincludes index and biblioraphy2 aindex bSRS cBK 001040708StackRoom-aHMIbHMId2005-05-24g0.00l0o291 APP1p013297r2005-05-24v0.00w2005-05-24yBK c6773d6773